000 01174nam0a22002891 4500
001 rc\2318107
005 20110829143600.6
035 _a(NLR Aleph) 006577780
090 _a7013336
_c7013336
100 _a20110829d1977 |||y0rusy50 ca
101 0 _arus
102 _aRU
105 _aa z |||||
200 1 _aИсследование сечения неупругого взаимодействия нуклонов с ядрами атомов воздуха и свинца
_fР.А. Нам, С.И. Никольский, В.П. Павлюченко [и др.]
210 _aМосква
_cБ. и.
_d1977
215 _a31, [12] с.
_cил.
_d20
225 1 _aАН СССР. Физический институт им. П.Н.Лебедева
_vПрепринт № 85
_iФизика высоких энергий и космических лучей
320 _aБиблиогр.: с. 29-31
701 1 _aНикольский
_bС. И.
701 1 _aПавлюченко
_bВ. П.
701 1 _aНам
_bР. А.
801 0 _aRU
_bNLR
_gpsbo
801 1 _aRU
_bELAR
_2rusmarc
852 _aNLR
_j77-4/29291
899 _aRuMoRGB
_jИн 68-37/327
942 _cBOOK
980 _aNB